000 00376nam a2200145Ia 4500
008 230917s9999||||xx |||||||||||||| ||und||
040 _e218374
_aMAIN
041 _aEnglish
082 _a822.33 S15H:T
100 _aShakespeare, Wi
245 0 _aThird part of king Henry VI
260 _aCambridge
_bCambridge University Press
_c1993
300 _axii, 231 p.
942 _cBK
999 _c177494
_d177494